00298nam a22001097a 4500003000400000245003600004260001900040300000800059942001200067952009200079999001700171SGT aDental Clinics of North America bSaundersc2002 a902 2ddccBV 00102ddc4071aFDbFDd2024-11-19iSGTUl0pPD42r2024-11-19 00:00:00w2024-11-19yBV c27376d27376